00855nam a22002297a 45000010005000000030006000050050017000110080041000280200015000690400029000840500017001130820008001301000017001382450101001552600036002563000060002925050008003525200186003605210023005465210020005696500036005896987FISKH20260212163050.0250616b cb ||||| |||| 00| 0 eng d a0439537630 aFISKHbengcFISKHdFISKH aPZ7.M97274 T a141 aMuth, John J aThe three questions :bBased on a story by Leo Tolstoy /cWritten and illustrated by Jon J Muth  aNew York :bScholastic ,c2022. a34 unnumbered pages :bcolor illustrations ;c28x28 cm. aM  aNikolai asks his animal friends to help him answer three important questions: "When is the best time to do things?" "Who is the most important?" and "What is the right thing to do?"8 a560 bLexile AD 8 aM bRaz-Plus  aCompassionvJuvenile Literature